Opodstatnenosť značky v podnikateľskej činnosti

Značka a jej opodstatnenosť v globálnom prostredí. Sila, hodnota, registrácia značky. Top najhodnotnejšie značky na svete. Využitie nehmotného majetku v budúcnosti. Investície do nehmotného majetku.

Na minha lista:
Detalhes bibliográficos
Autor principal: Križan, Martin
Outros Autores: Littvová, Veronika
Formato: Capítulo de Livro
Idioma:eslovaco
Assuntos:
Tags: Adicionar Tag
Sem tags, seja o primeiro a adicionar uma tag!

MARC

LEADER 00000nla a2200000 4500
001 0180587
005 20240502073100.2
041 0 |a slo 
044 |a SK 
245 1 0 |a Opodstatnenosť značky v podnikateľskej činnosti  |c Martin Križan, Veronika Littvová 
520 |a Značka a jej opodstatnenosť v globálnom prostredí. Sila, hodnota, registrácia značky. Top najhodnotnejšie značky na svete. Využitie nehmotného majetku v budúcnosti. Investície do nehmotného majetku. 
610 2 0 |a značky výrobkov 
610 2 0 |a značky výrobné 
610 2 0 |a značky kvality 
610 2 0 |a majetok nehmotný 
610 2 0 |a investície 
100 1 |a Križan, Martin 
700 1 |a Littvová, Veronika